CREDIT RISK OF FINANCIAL INSTRUMENTS (Record no. 16304)

MARC details
000 -LEADER
fixed length control field 00344nam a2200133Ia 4500
008 - FIXED-LENGTH DATA ELEMENTS--GENERAL INFORMATION
fixed length control field 240624s9999 xx 000 0 und d
041 ## - LANGUAGE CODE
Language code of text/sound track or separate title eng
082 ## - DEWEY DECIMAL CLASSIFICATION NUMBER
Classification number 657 BAN
100 ## - MAIN ENTRY--PERSONAL NAME
Personal name BANKS ERIK
245 ## - TITLE STATEMENT
Title CREDIT RISK OF FINANCIAL INSTRUMENTS
260 ## - PUBLICATION, DISTRIBUTION, ETC.
Date of publication, distribution, etc. 1993
Place of publication, distribution, etc. London
Name of publisher, distributor, etc. Macmillan Press
300 ## - PHYSICAL DESCRIPTION
Extent ix, : 269 : p. : cm. ; 24
365 ## - TRADE PRICE
Currency code BPS
Price amount 30
Holdings
Withdrawn status Lost status Damaged status Not for loan Home library Current library Shelving location Date acquired Source of acquisition Cost, normal purchase price Total Checkouts Full call number Barcode Date last seen Copy number Price effective from Koha item type
        IMTN IMTN Rack 20-A 01/05/2011 BB 135.00   657 BAN 16304 06/24/2024 75.9 06/24/2024 Books
Designed & Maintained by: LRC IMT Nagpur Contact: lrc@imtnag.ac.in© 2024. All Rights Reserved.